000 00312nam a22001337a 4500
008 170206b xxu||||| |||| 00| 0 eng d
020 _a9780838513972
041 _aeng
080 _24ed
_a61
100 _a3
101 _ashm
245 _aCULTURAL DIVERSITY HEALTH ILLNESS
_cRACHEL E . SPECTOR
942 _2udc
_cBK
999 _c4741
_d4741